MARC

LEADER 00000nam0a2200000 4500
001 22517
005 20241025063145.0
010 |a 5850504052 
010 |a 5-85050-379-X 
035 |a (RuTPU)RU\TPU\book\22730 
035 |a BOOK00000494 
090 |a 22517 
100 |a 20011209d2000 m y0rusy50 ca 
101 0 |a rus 
102 |a RU 
105 |a y z 000ay 
200 1 |a Рассказы  |f А. П. Чехов 
210 |a Москва  |c Слово/Slovo  |d 2000 
215 |a 784 с. 
225 1 |a Пушкинская библиотека 
225 1 |a Открытое общество 
610 1 |a рассказы 
675 |a Р1  |v 3 
700 1 |a Чехов  |b А. П.  |c русский писатель  |f 1860-1904  |g Антон Павлович  |7 ca  |8 rus  |2 stltpui  |3 (RuTPU)RU\TPU\pers\1035  |9 458 
801 0 |a RU  |b 63413507  |c 20011209  |g PSBO 
801 2 |a RU  |b 63413507  |c 20080908  |g PSBO 
942 |c BK